| 000 | 00504nam a22001937a 4500 | ||
|---|---|---|---|
| 003 | NUST - PNEC | ||
| 005 | 20170116180803.0 | ||
| 008 | 150417b xxu||||| |||| 00| 0 eng d | ||
| 020 | _a0521467535 | ||
| 040 | _cLIBRARY | ||
| 082 | _a428.34 JON | ||
| 100 |
_92715 _aJones, Leo, |
||
| 245 |
_aLet's Talk Student's book: _c Leo Jones. |
||
| 250 | _a- | ||
| 260 |
_aUK : _bCambridge, _cc 1996. |
||
| 300 | _a71 p . : | ||
| 650 |
_92718 _aLet's Talk Student's book: _xEnglish language. |
||
| 942 |
_2ddc _cBK |
||
| 999 |
_c63051 _d63051 |
||